Catálogo
Digital

Catálogo
Digital

Demonios quisquillosos (Record no. 13465)

MARC details
000 -CABECERA
campo de control de longitud fija 01202nam a2200289 4500
003 - IDENTIFICADOR DEL NÚMERO DE CONTROL
campo de control EC-UNACH
005 - FECHA Y HORA DE LA ÚLTIMA TRANSACCIÓN
campo de control 20241015110333.0
006 - CÓDIGOS DE INFORMACIÓN DE LONGITUD FIJA--CARACTERÍSTICAS DEL MATERIAL ADICIONAL
campo de control de longitud fija s||||gr|||| 00| 00
008 - DATOS DE LONGITUD FIJA--INFORMACIÓN GENERAL
campo de control de longitud fija 150116t9999 mx r gr 000 0 spa d
020 ## - NÚMERO INTERNACIONAL ESTÁNDAR DEL LIBRO
Número Internacional Estándar del Libro 978-9942-34-090-0
040 ## - FUENTE DE LA CATALOGACIÓN
Centro catalogador/agencia de origen EC-UNACH
Centro/agencia transcriptor EC-UNACH
041 ## - CÓDIGO DE LENGUA
Código de lengua del texto/banda sonora o título independiente spa
082 04 - NÚMERO DE LA CLASIFICACIÓN DECIMAL DEWEY
Número de edición 23
Número de clasificación 808.802.3
Número de documento/Ítem L017676
100 ## - ENTRADA PRINCIPAL--NOMBRE DE PERSONA
Nombre de persona Cuzme, Alexis
245 ## - MENCIÓN DE TÍTULO
Título Demonios quisquillosos
250 ## - MENCIÓN DE EDICIÓN
Mención de edición Primera Edición
264 ## - Producción, publicación, distribución, fabricación y copyright
Lugar de producción, publicación, distribución, fabricación Quito - Ecuador
Nombre del de productor, editor, distribuidor, fabricante Editorial Casa de la Cultura Ecuatoriana
Fecha de de producción, publicación, distribución, fabricación o copyright 2022
300 ## - DESCRIPCIÓN FÍSICA
Extensión 103 páginas
Dimensiones 19 x 12 centímetros
501 ## - NOTA DE "CON"
Nota de “Con” Incluye índice
505 ## - NOTA DE CONTENIDO CON FORMATO
Nota de contenido con formato Olor a muerte -- Territorio prohibido -- El coleccionista -- Herir a la manada -- Secreto -- Balada heavy para una historia gore -- Una cabeza que gira para mí -- Sonrisas -- Instrucciones para un ritual -- Historia del cuerpo y su dolor -- Regreso al río -- Camino -- Un sueño para sonreír -- Algo vil y dañino -- El territorio menos privilegiado -- Escenas de una ciudad que ignora a sus metaleros.
650 ## - PUNTO DE ACCESO ADICIONAL DE MATERIA--TÉRMINO DE MATERIA
Término de materia o nombre geográfico como elemento inicial Narrativa
942 ## - ELEMENTOS DE PUNTO DE ACCESO ADICIONAL (KOHA)
Fuente del sistema de clasificación o colocación Clasificación Decimal Dewey
Tipo de ítem Koha Libros
999 ## - NÚMEROS DE CONTROL DE SISTEMA (KOHA)
Koha biblionumber 13465
Holdings
Estado de pérdida Fuente del sistema de clasificación o colocación Estado dañado No para préstamo Localización permanente Ubicación/localización actual Ubicación en estantería Fecha de adquisición Fuente de adquisición Número de inventario Total de préstamos Signatura topográfica completa Código de barras Fecha visto por última vez Número de copia Precio válido a partir de Tipo de ítem Koha Centro de costos
  Clasificación Decimal Dewey     Biblioteca Campus Sur Biblioteca Campus Sur Pedagogía de la Lengua y la Literetura 15/10/2024 DONACIÓN CGB.ITB-009-2024 38868999   808.802.3 CUZ L017676 L017676 15/10/2024 Ej: 01 15/10/2024 Libros  

Powered by Koha